Brand famous.
| Main Author: | |
|---|---|
| Format: | Book |
| Published: |
Hoboken:
Capstone, A Wiley Brand,
2014.
|
| Subjects: |
| LEADER | 00440cam a2200157 7i4500 | ||
|---|---|---|---|
| 001 | 0000032036 | ||
| 005 | 20160120090000.0 | ||
| 020 | 0 | 0 | |a 978-0-857-08490-3 |
| 090 | 0 | 0 | |a B 658.827 |b BOY |
| 100 | 1 | 0 | |a Boyd, Linzi |
| 245 | 0 | 0 | |a Brand famous. |
| 260 | 0 | 0 | |a Hoboken: |b Capstone, A Wiley Brand, |c 2014. |
| 300 | # | # | |a 287 p.; |c 22 cm. |
| 650 | 0 | 0 | |a Branding (Marketing) |
| 650 | 0 | 0 | |a Strategic planning. |
| 999 | |a B000035744 |b Book |c Book |e Business Information Centre | ||


